000 00555nam a22001817a 4500
003 UA-OsUOA
001 14289
007 ta
008 20030729b un ||||| |||| 00| 0 ukr d
100 _aДоля О.
942 _cSA
040 _aUA-OsUOA
_cUA-OsUOA
_dUA-OsUOA
245 _aЄгипет у Дубно?!!: [Про лікув.- діагност. центр "Піраміда" у м.Дубно]
300 _aС.2
955 _a0
773 0 _w0
_tЦілителька
_dРівне
_d2003
_g№11
650 7 _aКраєзнавча робота
_2UDC
999 _c300450
_d300450